00285 a2200133 450000100060000002000180000604000240002410000200004824000140006824500090008230000080009136200090009965000430010847201 a9780746080481 cAnchieta - Aquarius aHelbrough, Enna10aDogslIng10aDogs a20p0 a2003 4aLiteratura infanto-juvenil em inglês